Buddhist literary heritage in India: (Record no. 22383)
[ view plain ]
| 000 -LEADER | |
|---|---|
| fixed length control field | 01689nam a22003137a 4500 |
| 008 - FIXED-LENGTH DATA ELEMENTS--GENERAL INFORMATION | |
| fixed length control field | 090123t xxu||||| |||| 00| 0 eng d |
| 010 ## - LCCN (DPL NO) | |
| LC control number | ENG-92598 |
| 020 ## - INTERNATIONAL STANDARD BOOK NUMBER | |
| Terms of availability | 325.00 |
| International Standard Book Number | 8190402978 |
| 035 ## - SYSTEM CONTROL NUMBER | |
| System control number | EN-76131 |
| 037 ## - SOURCE OF ACQUISITION | |
| Source of stock number/acquisition | DBAD / PUB |
| 040 ## - CATALOGING SOURCE | |
| Original cataloging agency | dpl |
| Language of cataloging | English |
| 082 ## - DEWEY DECIMAL CLASSIFICATION NUMBER | |
| Classification number | 250.38 |
| 111 ## - MAIN ENTRY--MEETING NAME | |
| Meeting name or jurisdiction name as entry element | Seminar on Buddhist Literary Heritage in India: Text and Context |
| Location of meeting | Calcutta, India |
| Date of meeting | 2005 |
| 245 ## - TITLE STATEMENT | |
| Title | Buddhist literary heritage in India: |
| Statement of responsibility, etc | edited by Ratna Basu |
| Remainder of title | text and context / |
| 260 ## - PUBLICATION, DISTRIBUTION, ETC. (IMPRINT) | |
| Place of publication, distribution, etc | New Delhi |
| Name of publisher, distributor, etc | National Mission for Manuscripts |
| -- | Munshiram Manoharlal Publishers, |
| Date of publication, distribution, etc | 2007 |
| 270 ## - ADDRESS | |
| Address | 5, Rajendra Prasad Road, |
| City | New Delhi |
| Postal code | 110001 |
| 300 ## - PHYSICAL DESCRIPTION | |
| Extent | xxiii, 158 p., [8] p. of plates (some folded): |
| Dimensions | 22m (Hb) |
| Other physical details | col. ill. |
| 490 ## - SERIES STATEMENT | |
| Series statement | Samiksika series no.1 |
| 500 ## - GENERAL NOTE | |
| General note | Includes bibliographical references |
| 520 ## - SUMMARY, ETC. | |
| Summary, etc | Contributed articles presented at the Seminar on Buddhist Literary Heritage in India: Text and Context held in July 2005 in Kolkata under the coordination of Calcutta University Manuscript Resource Centre in collaboration with The Asiatic Society, Kolkat |
| 546 ## - LANGUAGE NOTE | |
| Language note | Includes passages in Pali and Sanskrit |
| Information code or alphabet | (Pali and Sanskrit also in roman) |
| 650 ## - SUBJECT ADDED ENTRY--TOPICAL TERM | |
| Topical term or geographic name as entry element | Buddhist literature |
| Geographic subdivision | India |
| General subdivision | History and criticism |
| Form subdivision | Congresses. |
| 700 ## - ADDED ENTRY--PERSONAL NAME | |
| Personal name | Basu, Ratna |
| 710 ## - ADDED ENTRY--CORPORATE NAME | |
| Corporate name or jurisdiction name as entry element | National Mission for Manuscripts (India) |
| 710 ## - ADDED ENTRY--CORPORATE NAME | |
| Corporate name or jurisdiction name as entry element | Calcutta University Manuscript Resource Centre. |
| 710 ## - ADDED ENTRY--CORPORATE NAME | |
| Corporate name or jurisdiction name as entry element | Asiatic Society (Calcutta, India) |
| 942 ## - ADDED ENTRY ELEMENTS (KOHA) | |
| Source of classification or shelving scheme | Dewey Decimal Classification |
| Item type | English Books |
| Call number suffix | BUD |
| Classification part | 250.38 |
| Withdrawn status | Lost status | Source of classification or shelving scheme | Damaged status | Not for loan | Collection code | Home library | Current library | Date acquired | Source of acquisition | Cost, normal purchase price | Total Checkouts | Full call number | Barcode | Date last seen | Copy number | Cost, replacement price | Koha item type |
|---|---|---|---|---|---|---|---|---|---|---|---|---|---|---|---|---|---|
| Dewey Decimal Classification | Not For Loan | Non-fiction | D.B.Act.Division | D.B.Act.Division | 23/01/2009 | DBAD / PUB | 325.00 | 250.38 BUD | EN-76131 | 23/01/2009 | 1 | 325.00 | English Books |
